|
|
|
|
| LEADER |
01454nam a22003614a 4500 |
| 001 |
EBC622208 |
| 003 |
MiAaPQ |
| 005 |
20200520144314.0 |
| 006 |
m o d | |
| 007 |
cr cn||||||||| |
| 008 |
981223s1999 ne sb 001 0 eng |
| 010 |
|
|
|z 98055950
|
| 020 |
|
|
|z 9027217785 (Eur. : alk. paper)
|
| 020 |
|
|
|z 1556198329 (U.S. : alk. paper)
|
| 035 |
|
|
|a (MiAaPQ)EBC622208
|
| 035 |
|
|
|a (Au-PeEL)EBL622208
|
| 035 |
|
|
|a (CaPaEBR)ebr5000199
|
| 035 |
|
|
|a (OCoLC)70768989
|
| 040 |
|
|
|a MiAaPQ
|c MiAaPQ
|d MiAaPQ
|
| 050 |
|
4 |
|a HM48
|b .I36 1999
|
| 082 |
0 |
4 |
|a 300/.7/2
|2 21
|
| 245 |
0 |
0 |
|a Action research
|h [electronic resource] :
|b from practice to writing in an international action research development program /
|c edited by Davydd J. Greenwood.
|
| 260 |
|
|
|a Amsterdam ;
|a Philadelphia :
|b John Benjamins Pub. Co.,
|c c1999.
|
| 300 |
|
|
|a ix, 282 p.
|
| 490 |
1 |
|
|a Dialogues on work and innovation,
|x 1384-6671 ;
|v v. 8
|
| 504 |
|
|
|a Includes bibliographical references (p. [259]-271) and indexes.
|
| 533 |
|
|
|a Electronic reproduction. Ann Arbor, MI : ProQuest, 2015. Available via World Wide Web. Access may be limited to ProQuest affiliated libraries.
|
| 650 |
|
0 |
|a Action research.
|
| 655 |
|
4 |
|a Electronic books.
|
| 700 |
1 |
|
|a Greenwood, Davydd J.
|
| 710 |
2 |
|
|a ProQuest (Firm)
|
| 830 |
|
0 |
|a Dialogues on work and innovation ;
|v v. 8.
|
| 856 |
4 |
0 |
|u https://ebookcentral.proquest.com/lib/matrademy/detail.action?docID=622208
|z Click to View
|